000 00329nam a2200145Ia 4500
008 210210b1953 xxu||||| |||| 00| 0 eng d
041 _aeng
082 _a331/163
100 _aPARKER (J B)
245 _aBanking
260 _aLondon
_bEnglish Universities,
_c1953
650 _aBanking
690 _aBanking
906 _a004065
999 _c122702
_d122702